01480 2200421 4500001002100000005001500021035002000036007000300056008004100059336002100100337002300121338003800144040002200182245018200204300003100386020002200417082001900439084002100458264004500479500006900524650003000593850001200623856007500635100003000710852002000740700002200760700002200782700002600804700002600830700002800856700002600884700002400910700002700934700002500961700002800986990002201014990002201036INLIS00000000086333220210803033934 a0010-0821000031ta210705s2014 jkia gs j ind d 2rdacontentateks 2rdamediaakomputer 2rdacarrierasumber sambung jaring aYOPDYOGbinderda10aGuru cinta :bkumpulan cerita guru /cHelvy Tiara Rosa, Parminah, Novi Hardian, Tuti Sukarni, Yayah Komariah, Rita Hastuti, Ratmartini, Dimyati Hakim, Sri Lestari, Linda Siregar a1 berkas komputer (4,4 MB) a978-602-03-0829-604223a899.221301 a899.221301 HEL g31aJakarta :bGramedia Pustaka Utama,c2014 aUntuk mengakses buku ini silakan unduh aplikasi http://ijogja.id 4aCerita pendek--xKumpulan aYOPDYOG nPerpustakaan Digital iJogjauhttp://iJogja.id/publications/books/148110 aHelvy Tiara Rosaepenulis8 aaplikasi iJogja0 aParminahepenulis0 aParminahepenulis0 aNovi Hardianepenulis0 aTuti Sukarniepenulis0 aYayah Komariahepenulis0 aRita Hastutiepenulis0 aRatmartiniepenulis0 aDimyati Hakimepenulis0 aSri Lestariepenulis1 aSiregar, Lindaepenulis a002827-EPD/B.2016 a002828-EPD/B.2016